000 00516cam a22001457a 4500
008 180718b1998 xxu||||| |||| 00| 0 eng d
082 _aA81x54 91/1/Pt5D/3/Pt8
100 _aCensus of India 1991
245 _aIndia: migration tables Tamil Nadu, Tripura and Uttar Pradesh
260 _aDelhi
_bThe Controller of Publications
_c1998
300 _a613+p.
440 _aCensus of India 1991. Series-1, India. Part V-D, Series, Volume-3, Part 8
500 _aContents: Table D-3
650 _aMigration, Internal - India
999 _c486487
_d486487